Covid19: ¿un antes y un despuš en la Historia de la Humanidad? Anl̀isis socio-jurd̕ico de un cambio de paradigma y de los nuevos parm̀etros y grandes /

Bibliographic Details
Main Author: Peąsco Velasco, Rosa
Format: eBook
Language:Spanish
Published: Madrid: Dykinson, 2020
Subjects:
Online Access:Acceso restringido

MARC

LEADER 00000nam a22000007a 4500
005 2020111609549.0
007 cr|||| ||||
008 201116s2020 es |||||s|||| 00||0 spa d
035 |a 32154 
040 |a vLex 
090 |c 10870  |d 10870 
100 1 |a Peąsco Velasco, Rosa 
245 1 0 |a Covid19: ¿un antes y un despuš en la Historia de la Humanidad?  |h [Recurso electrn̤ico] :  |b Anl̀isis socio-jurd̕ico de un cambio de paradigma y de los nuevos parm̀etros y grandes /  |c Rosa Peąsco Velasco 
256 |a Servicio en ln̕ea 
260 |a Madrid:  |b Dykinson,  |c 2020 
300 |a 1 recurso electrn̤ico 
506 1 |a Disponible solo en los productos indicados  |d vLex Global  |d vLex Global (Academic Edition, excluding Law Schools)  |d vLex Global (U.S. Academic Edition, Law Schools)  |d vLex Global (U.S. Academic Edition, excluding Law Schools)  |d vLex Global (Academic Edition, Law Schools) 
650 0 4 |a Derecho Pb︢lico y Administrativo  |z Espaą 
740 0 |a vLex Libros (Servicio en ln̕ea) 
856 4 0 |u http://vlex.com/source/covid19-historia-humanidad-analisis-socio-juridico-paradigma-nuevos-parametros-grandes-retos-siglo-xxi-32154  |z Acceso restringido 
942 |c BOOK 
999 0 |a Public and Administrative Law